Qualitative research: A guide to design and implementation (Record no. 395447)

MARC details
000 -LEADER
fixed length control field 00631 a2200229 4500
005 - DATE & TIME
control field 20260129105128.0
008 - FIXED-LENGTH DATA ELEMENTS--GENERAL INFORMATION
fixed length control field 260128b |||||||| |||| 00| 0 eng d
020 ## - ISBN
International Standard Book Number 9781394266449
Price $ 55.00
040 ## - CATALOGING SOURCE
Original cataloging agency VIVEKANANDA LIBRARY
082 ## - DDC NUMBER
Classification number 300.723
Book Number T524Q(5)
100 ## - MAIN ENTRY--PERSONAL NAME
Personal name Tisdell, Elizabeth J
245 ## - TITLE STATEMENT
Title Qualitative research: A guide to design and implementation
250 ## - EDITION STATEMENT
Edition statement 5th
260 ## - PUBLICATION, DISTRIBUTION, ETC. (IMPRINT)
Name of publisher, distributor, etc John Wiley
Date of publication, distribution, etc 2025
Place of publication, distribution, etc Hoboken
300 ## - PHYSICAL DESCRIPTION
Pages xxvii, 420
650 ## - Subject
Subject Social Science
650 ## - Subject
Subject Research Methods
650 ## - Subject
Subject Qualitative Research
700 ## - Added Entry Personal Name
Added Entry Personal Name Merriam, Sharan B
700 ## - Added Entry Personal Name
Added Entry Personal Name Stuckey-Peyrot, Heather L
942 ## - ADDED ENTRY ELEMENTS (KOHA)
Koha item type Books
Holdings
Withdrawn status Lost status Source of classification or shelving scheme Damaged status Not for loan Location (home branch) Sublocation or collection (holding branch) Shelving location Date acquired Koha issues (times borrowed) Koha full call number Accession No. Koha date last seen Koha item type
    Dewey Decimal Classification     VIVEKANANDA LIBRARY VIVEKANANDA LIBRARY Chaudhry Ranbir Singh Inst. of Social and Economic Change 22/12/2025   300.729 T524Q 443780 22/12/2025 Books
© Designed and Maintained by Vivekananda Library, MDU Rohtak